| 000 | 01283nam0a22002651 4500 | ||
|---|---|---|---|
| 001 | rc\2569038 | ||
| 005 | 20250623111645.0 | ||
| 035 | _a(NLR Aleph) 006733828 | ||
| 090 |
_a5572403 _c5572403 |
||
| 100 | _a20110914d1927 |||y0rusy50 ca | ||
| 101 | 0 | _arus | |
| 102 | _aRU | ||
| 105 | _aa z ||||| | ||
| 200 | 1 |
_aЧто может и должна делать сельская здравячейка для оздоровления водоснабжения деревни _e(С 12 рис. в тексте) _fС. В. Успенский санитарный врач _gПод ред. Санпросвета Мосздравотд. |
|
| 210 |
_aМосква _cМосздравотд _d1927 _eСергиев _gтип. "Шестой октябрь" Сергиевск. промторга |
||
| 215 |
_a48 с. _cил., черт. _d18х14 см. |
||
| 300 | _aЗагл. обл.: Сельская здравячейка и оздоровление водоснабжения деревни | ||
| 512 | 0 | _aСельская здравячейка и оздоровление водоснабжения деревни | |
| 700 | 1 |
_aУспенский _bС.В. |
|
| 801 | 0 |
_aRU _bNLR _gpsbo |
|
| 801 | 1 |
_aRU _bELAR _2rusmarc |
|
| 852 |
_aNLR _j61/1224 |
||
| 942 | _cBOOK | ||
| 980 | _aNB | ||